000 01021nam a22003135i 4500
001 22415366
005 20250219104714.0
008 220208s2022 nju 000 0 eng
010 _a 2022932447
020 _a9781786307880
040 _aDLC
_beng
_erda
_cDLC
042 _apcc
082 _22022
_aDC 004.03
_bD569
245 0 0 _aDigital dictionary /
_cedited by Marie Cauli, Laurence Favier, Jean-Yves Jeannas.
260 _cc2022
263 _a2204
300 _a335 pages ;
_c24 cm.
365 _b15,423.00
_cPhp
440 _aSeries: Science, society and new technologies series
_951840
500 _aIncludes bibliographical references and index.
650 _aInformation Technology -- Dictionaries.
_951841
650 _2Information society.
700 1 _aCauli, Marie,
_eeditor.
_951842
700 1 _aFavier, Laurence,
_eeditor.
_951843
700 1 _aJeannas, Jean-Yves,
_eeditor.
_951844
906 _a0
_bibc
_corignew
_d2
_eepcn
_f20
_gy-gencatlg
942 _2ddc
_cDC
999 _c18995
_d18995